| 000 | 00000nam##2200000za#4500 |
| 001 | 9.644216 |
| 003 | CaOODSP |
| 005 | 20210624224536 |
| 007 | cr ||||||||||| |
| 008 | 150407|2010||||xxc|||||o f|0| 0 fre|d |
| 040 | |aCaOODSP|bfre |
| 043 | |an-cn--- |
| 086 | 1 |aR5-33/2010F-PDF |
| 110 | 1 |aCanada. |bAffaires autochtones et développement du Nord Canada. |
| 245 | 10|aIntervention en cas d'urgence - Premières nations du Manitoba : |h[ressource électronique]|brôles et responsabilités |
| 260 | |aOttawa - Ontario : |bAffaires autochtones et Développement du Nord Canada |c[2010]. |
| 300 | |a3p. |
| 590 | |a15-02-Supp|b2015-02-16 |
| 691 | 07|aAutochtones|2gcpds |
| 691 | 07|aSecours d'urgence|2gcpds |
| 775 | 08|tFirst Nation Emergency Response in Manitoba : |w(CaOODSP)9.700320 |
| 856 | 40|ahttp://publications.gc.ca|qPDF|s334 Ko|uhttps://publications.gc.ca/collections/collection_2015/aadnc-aandc/R5-33-2010-fra.pdf |